000 00433nam a2200157 i 4500
001 bg
100 1 _aGIEŁŻYŃSKI, Wojciech
245 0 _aSto twarzy Jugosławii /
_cWojciech Giełżyński.
260 _aWarszawa :
_bKsiążka i Wiedza,
_c1977.
300 _as. 338, nlb. 6 :
_btabl., nlb. 12, mapa, portr.
040 _cBPK
041 _apol
080 _a308(497.1)
942 _cKS
008 s pl f |000 0 pol
999 _c27015
_d27015
856 _uhttp://koha.tu.koszalin.pl/cgi-bin/koha/opac-detail.pl?biblionumber=27015
_yKatalog online BPK